Analýza a porovnanie možností fakturácie a skladovej evidencie vo vybranej internetovej aplikácii na vedenie účtovníctva a ekonomického systému Pohoda bakalárska práca

Salvato in:
Dettagli Bibliografici
Autore principale: Pavlovská, Lenka
Ente Autore: Fakulta hospodárskej informatiky EU. Katedra účtovníctva a audítorstva
Altri autori: Matuský, Tomáš
Natura: Libro
Lingua:slovacco
Pubblicazione: Bratislava 2018
Tags: Aggiungi Tag
Nessun Tag, puoi essere il primo ad aggiungerne!!

MARC

LEADER 00000nbm a2200000 4500
001 0245410
005 20181106084030.5
041 0 |a slo 
044 |a SK 
245 1 0 |a Analýza a porovnanie možností fakturácie a skladovej evidencie vo vybranej internetovej aplikácii na vedenie účtovníctva a ekonomického systému Pohoda  |b bakalárska práca  |c Lenka Pavlovská ; školiteľ: Tomáš Matuský 
264 1 |a Bratislava  |c 2018 
300 |a 40 s. 
100 1 |a Pavlovská, Lenka 
700 1 |a Matuský, Tomáš 
710 2 |a Fakulta hospodárskej informatiky EU. Katedra účtovníctva a audítorstva